000 00159 a2200073 4500
020 _a9781481490238
082 _a022/21
245 _aMRS.SMITH'S SPY SCHOOL FOR GIRLS
999 _c791921
_d791920
942 _w13411
_xBongani Makatu
_y13411
_zBongani Makatu